000 00308pab a2200133 454500
008 180718b1999 xxu||||| |||| 00| 0 eng d
100 _aAhmad, Salma
245 _aManagement of executive stress
260 _c1999
300 _ap.241-46
650 _aManagers
773 _aBusiness Review
909 _a41868
999 _c41868
_d41868